Statistics for Country Names having at least 2 of AB, DE, GF, CB etc

Click here to take the quiz!

General Stats

  • This quiz has been taken 72 times
  • The average score is 9 of 23

Answer Stats

# of pairs# of letterscountry% Correct
229DEMOCRATIC REPUBLIC OF THE CONGO
77%
212UNITED STATES
70%
627FEDERATED STATES OF MICRONESIA
65%
212TURKMENISTAN
62%
210TAJIKISTAN
57%
311AFGHANISTAN
53%
218UNITED ARAB EMIRATES
53%
27DENMARK
45%
210KYRGYZSTAN
43%
24FIJI
32%
210AZERBAIJAN
30%
28PORTUGAL
30%
26SWEDEN
30%
210BANGLADESH
27%
37LEBANON
25%
26TUVALU
25%
28ZIMBABWE
25%
28BARBADOS
22%
27ESTONIA
22%
29MACEDONIA
22%
25GABON
20%
28ETHIOPIA
15%
28DJIBOUTI
13%

Score Distribution

Percentile by Number Answered

Percent of People with Each Score

Your Score History

You have not taken this quiz